000 00927nam a2200277 a 4500
005 20240910063812.0
008 010829s1988 mx r 000 0 spa d
020 _a9688670235
035 _aUPN01000110663
040 _aUPN
_bspa
_cUPN
049 _aCG
050 4 _aB831.2
_bP6.7
245 1 3 _aLa posmodernidad /
_cselec. y pról. de Hal Foster ; tr. Jordi Fibla.
260 _aMéxico :
_bColofón ;
_aBarcelona, (Esp.):
_bKairós,
_c1988.
300 _a238 p. :
_bil.
500 _aTraducción de : The Anti-aesthetic, essays on postmodern culture.
590 _a(También localizas un ejemplar en el "Area de Reserva")
590 _aBibliografía Básica (BGTQ)
650 2 _aPostmodernismo
_95929
650 2 _aMODERNISMO (ESTETICA)
_915724
650 4 _aCivilización moderna
_y1950-
_910800
700 1 _aFoster, Hal,
_d1955-
_944054
700 1 _aFibla, Jordi
_944055
905 _aLibros
942 _2lcc
_cLIBRO
999 _c84572
_d84572